Various Storms and Saints Lyrics (Florence + the Machine) - Statistics

General Stats
  • This quiz has been taken 144 times
  • The average score is 289 of 357
Answer Stats
Lyrics % Correct
a
100%
an
100%
And
100%
and
100%
I
100%
me
100%
saints
100%
storms
100%
the
100%
to
100%
various
100%
be
98%
it
98%
of
98%
so
98%
you
98%
your
98%
how
96%
on
96%
don't
94%
free
94%
full
94%
in
94%
myself
94%
out
94%
some
94%
was
94%
go
91%
just
91%
know
91%
teaching
91%
am
89%
I'm
89%
too
89%
who
89%
but
87%
hold
87%
outside
87%
scream
87%
air
85%
beast
85%
no
85%
stand
85%
will
85%
away
83%
gave
83%
not
83%
streets
83%
memory
81%
up
81%
as
79%
down
79%
over
79%
people
79%
toll
79%
took
79%
belly
77%
front
77%
got
77%
somewhere
77%
yourself
77%
began
74%
blood
74%
could
74%
get
74%
give
74%
let
74%
things
74%
touch
74%
willingly
74%
banks
72%
break
72%
forgive
72%
had
72%
it's
72%
monument
72%
mountain
72%
themselves
72%
this
72%
world
72%
electric
70%
even
70%
have
70%
like
70%
live
70%
okay
70%
though
70%
way
70%
way?
70%
all
68%
head
68%
heart
68%
if
68%
make
68%
tempting
68%
you'll
68%
enemy
66%
feet
66%
order
66%
place
66%
stars
66%
there
66%
us
66%
violent
66%
you're
66%
buildings
64%
him
64%
instead
64%
keep
64%
made
64%
sing
64%
stumble
64%
tear
64%
bleeding
62%
did
62%
is
62%
something's
62%
around
60%
shocked
60%
untie
60%
far
57%
find
57%
hands
57%
safe
57%
from
55%
loud
55%
sway
55%
age
53%
day
53%
forever
53%
saw
53%
still
53%
swear
53%
dance
51%
hallway
51%
rooftop
51%
uncurling
51%
seems
49%
while
49%
can
45%
flowers
45%
throes
43%
need
38%
what
34%
edge
23%
cling
21%
now
17%
parading
17%
No matching quizzes found
Score Distribution
Percent of People with Each Score
Percentile by Number Answered
Your Score History
You have not taken this quiz